000 00585nam a2200205Ia 4500
005 20250923144830.0
008 008 250917s9999 xx 000 0 eng d
037 _aTextual
040 _aDSWL
_beng
_cDSWL
041 _aeng
_2eng
084 _aX:8:2:N5, K2
_qDSWL
100 _aMohnot, S.R.
_9828874
245 0 _aConcentration of Economic Power in India
_cby S.R. Mohnot
260 _aAllahabad
_bChaitanyaPub. House
_c1962
300 _axvi,275p.
365 _aINR
_b20
925 _g20
942 _cTEXL
_hX:8:2:N5, K2
999 _c1443915
_d1443915